MARC

LEADER 00000nam0a2200000 4500
001 349335
005 20231102010207.0
035 |a (RuTPU)RU\TPU\retro\1466 
035 |a RU\TPU\book\130731 
090 |a 349335 
100 |a 20180504d1954 m y0rusy50 ca 
101 0 |a rus 
102 |a RU 
105 |a a j 001zy 
200 1 |a Гидравлика  |e учебное пособие  |f И. И. Агроскин, Г. Т. Дмитриев, Ф. И. Пикалов 
205 |a 3-е изд., перераб. 
210 |a Москва  |a Ленинград  |c Госэнергоиздат  |d 1954 
215 |a 484 с.  |c ил. 
320 |a Алфавитный указатель: с. 328-329. 
606 1 |a Гидравлика  |2 stltpush  |3 (RuTPU)RU\TPU\subj\6462  |9 34344 
610 1 |a гидростатика 
610 1 |a кинематика жидкости 
610 1 |a динамика жидкости 
610 1 |a уравнения движения 
610 1 |a турбулентный режим 
610 1 |a расчеты 
610 1 |a формулы 
610 1 |a истечение 
610 1 |a трубопроводы 
610 1 |a неустановившиеся движения 
610 1 |a равномерное движение 
610 1 |a призматические русла 
610 1 |a кривые 
610 1 |a построение 
610 1 |a водосливы 
610 1 |a грунтовые воды 
610 1 |a расчет 
610 1 |a движение 
610 1 |a учебные пособия 
675 |a 532(075)  |v 3 
700 1 |a Агроскин  |b И. И.  |g Иосиф Ильич 
701 1 |a Дмитриев  |b Г. Т.  |g Георгий Тимофеевич 
701 1 |a Пикалов  |b Ф. И.  |g Федор Илларионович 
801 1 |a RU  |b 63413507  |c 20070904  |g PSBO 
801 2 |a RU  |b 63413507  |c 20180504  |g PSBO 
942 |c BK